00644nam a2200193 a 450000100060000000300090000600800410001504000280005608200160008410000290010024500160012926000590014530000110020465000220021565000330023794200120027099900170028295201510029911598CO-ViMGA141112s2004 ck r 000 u spa d aCO-ViMGAbspacCO-ViMGA04a070.43 C15e1 aCano, Ana María91615610aEntrevistas aBogotá, cFundación Simón y Lola Guberek, c1985 a311 p.14aENTREVISTAS9613414aPERIODISMO - COLOMBIA916157 2ddccBK c22787d22787 00102ddc40708003aMEVIECARbMEVIECARd2015-12-04hVolumen. 1 | 11/jun/2009l0o070.43 C15e p11598r2015-12-04 00:00:00tEj. 1w2015-12-04yBK